<?xml version="1.0" encoding="UTF-8"?><?xml-stylesheet type="text/xsl" href="static/style.xsl"?><OAI-PMH xmlns="http://www.openarchives.org/OAI/2.0/" xmlns:xsi="http://www.w3.org/2001/XMLSchema-instance" xsi:schemaLocation="http://www.openarchives.org/OAI/2.0/ http://www.openarchives.org/OAI/2.0/OAI-PMH.xsd"><responseDate>2026-04-17T06:47:10Z</responseDate><request verb="GetRecord" identifier="oai:www.recercat.cat:2072/486991" metadataPrefix="marc">https://recercat.cat/oai/request</request><GetRecord><record><header><identifier>oai:recercat.cat:2072/486991</identifier><datestamp>2025-09-28T19:08:21Z</datestamp><setSpec>com_2072_98</setSpec><setSpec>col_2072_378197</setSpec></header><metadata><record xmlns="http://www.loc.gov/MARC21/slim" xmlns:dcterms="http://purl.org/dc/terms/" xmlns:xsi="http://www.w3.org/2001/XMLSchema-instance" xmlns:doc="http://www.lyncode.com/xoai" xsi:schemaLocation="http://www.loc.gov/MARC21/slim http://www.loc.gov/standards/marcxml/schema/MARC21slim.xsd">
   <leader>00925njm 22002777a 4500</leader>
   <datafield ind2=" " ind1=" " tag="042">
      <subfield code="a">dc</subfield>
   </datafield>
   <datafield ind2=" " ind1=" " tag="720">
      <subfield code="a">Mensa i Valls, Jaume</subfield>
      <subfield code="e">author</subfield>
   </datafield>
   <datafield ind2=" " ind1=" " tag="260">
      <subfield code="c">2025</subfield>
   </datafield>
   <datafield ind2=" " ind1=" " tag="520">
      <subfield code="a">Altres ajuts: Arnau de Vilanova between Medicine and Religion: Manuscripts, Edition and Database (AVMedRel), referència PID2023-146830NB-I00/AEI/10.13039/501100011033; i Arnaldi de Villanova Opera Theologia Omnia (AVOThO), IEC-UAI, Corpus Philosophorum Medii Aevi, 9/5, referència: IEC-PR2023-1-PAT.</subfield>
   </datafield>
   <datafield ind2=" " ind1=" " tag="520">
      <subfield code="a">This paper presents the discovery of an extensive, unacknowledged appropriation by the Franciscan friar Pietro Galatino (c. 1460-c. 1540) of Arnau de Vilanova's "Philosophia catholica et divina" in his treatise "De cognoscendis pestilentibus hominibus". Far from reproducing isolated fragments, Galatino reworks the entire structure and discourse of Arnau's text, integrating large sections almost verbatim, with only minor interpolations or modifications. The textual comparison provided here demonstrates the systematic nature of this appropriation, which constitutes a genuine case of intellectual plagiarism. This finding significantly alters the reception history of Galatino's work and sheds new light on the posthumous legacy of Arnau de Vilanova in early modern Christian thought. Keywords: Arnau de Vilanova, Pietro Galatino, plagiarism, Philosophia catholica et divina, De cognoscendis pestilentibus hominibus, Renaissance, Latin literature, textual appropriation</subfield>
   </datafield>
   <datafield tag="653" ind2=" " ind1=" ">
      <subfield code="a">Arnau de Vilanova</subfield>
   </datafield>
   <datafield tag="653" ind2=" " ind1=" ">
      <subfield code="a">Pietro Galatino</subfield>
   </datafield>
   <datafield tag="653" ind2=" " ind1=" ">
      <subfield code="a">Plagiarism</subfield>
   </datafield>
   <datafield tag="653" ind2=" " ind1=" ">
      <subfield code="a">Philosophia catholica et divina</subfield>
   </datafield>
   <datafield tag="653" ind2=" " ind1=" ">
      <subfield code="a">De cognoscendis pestilentibus hominibus</subfield>
   </datafield>
   <datafield tag="653" ind2=" " ind1=" ">
      <subfield code="a">Renaissance</subfield>
   </datafield>
   <datafield tag="653" ind2=" " ind1=" ">
      <subfield code="a">Latin literature</subfield>
   </datafield>
   <datafield tag="653" ind2=" " ind1=" ">
      <subfield code="a">Textual appropriation</subfield>
   </datafield>
   <datafield ind2="0" ind1="0" tag="245">
      <subfield code="a">Un plagi sistemàtic : Pietro Galatino i la Philosophia catholica et divina d'Arnau de Vilanova</subfield>
   </datafield>
</record></metadata></record></GetRecord></OAI-PMH>